000 00394nam a2200145 i 4500
001 bg
100 1 _aSTEFAŃSKI, Andrzej
245 0 _aNiektóre problemy cyklu realizacji budynków mieszkalnych /
_cAndzej Stefański, Roman Żywica.
260 _aWarszawa,
_c1976.
700 1 _aŻYWICA, Roman
040 _cBPK
041 _apol
942 _cKS
008 s pl f |000 0 pol
999 _c16949
_d16949
856 _uhttp://koha.tu.koszalin.pl/cgi-bin/koha/opac-detail.pl?biblionumber=16949
_yKatalog online BPK